Evaluación de proyectos
Este texto nos presenta una guía de fundamentos elementales como enfoque práctico, énfasis en lo fundamental, amplia aplicación, criterio integrador, caracteristicas más notables para el estudio de evaluación de proyectos.
Gespeichert in:
| 1. Verfasser: | |
|---|---|
| Format: | Buch |
| Sprache: | Spanish |
| Veröffentlicht: |
México:
McGraw- Hill,
1995
|
| Ausgabe: | 3 ed. |
| Schlagworte: | |
| Online Zugang: | Enlace del recurso |
| Tags: |
Tag hinzufügen
Keine Tags, Fügen Sie den ersten Tag hinzu!
|
MARC
| LEADER | 00000nam a2200000 a 4500 | ||
|---|---|---|---|
| 001 | 001019 | ||
| 008 | 030505s1995 mx a fr# #000|0#spa#d | ||
| 020 | |a 970-10-0746-8 | ||
| 041 | 0 | |a spa | |
| 043 | |a s-ck--- | ||
| 082 | 0 | 4 | |a 658.404 |b B111e |
| 100 | 1 | |a Urbina baca, Gabriel | |
| 245 | 1 | 0 | |a Evaluación de proyectos |c Gabriel Urbina Baca |
| 250 | |a 3 ed. | ||
| 260 | |a México: |b McGraw- Hill, |c 1995 | ||
| 300 | |a 339p.: |b il., tabl. | ||
| 520 | 3 | |a Este texto nos presenta una guía de fundamentos elementales como enfoque práctico, énfasis en lo fundamental, amplia aplicación, criterio integrador, caracteristicas más notables para el estudio de evaluación de proyectos. | |
| 650 | 1 | 4 | |a INVESTIGACIÓN CIENTÍFICA |
| 650 | 1 | 4 | |a MÉTODO CIENTÍFICO |
| 999 | |c 3171 |d 3171 | ||
| 856 | |u https://catalogo.idep.edu.co/cgi-bin/koha/opac-detail.pl?biblionumber=3171 |z Enlace del recurso | ||